Use of mixtures of herbicides in rubber tree plantations in formation (Record no. 45779)

MARC details
000 -LEADER
fixed length control field 00333nam a2200109Ia 4500
100 ## - MAIN ENTRY--AUTHOR NAME
Personal name Soares Welington
245 #0 - TITLE STATEMENT
Title Use of mixtures of herbicides in rubber tree plantations in formation
260 ## - PUBLICATION, DISTRIBUTION, ETC. (IMPRINT)
Name of publisher Pesquisa Agropecuaria Brasileira
Year of publication 1985
300 ## - PHYSICAL DESCRIPTION
Number of Pages 1183-1189
942 ## - ADDED ENTRY ELEMENTS (KOHA)
Koha item type Reprints
Holdings
Withdrawn status Lost status Damaged status Not for loan Home library Current library Date acquired Serial Enumeration / chronology Accession Number Koha item type
      Reprints RRII Library RRII Library 22/12/2021 Volume 20, Issue 10 P733 Reprints